000 00592nam a2200217Ia 4500
003 0100
008 130303s9999 xx 000 0 und d
040 _cARRUPELIB
050 _aB67.M413
100 _aMelsen, Andreas Gerardus Maria van
245 _aScience and responsibilities
260 _aPittsburgh
260 _bDuquesne University press
260 _C1970
300 _a172p.
300 _b 23cm
440 _aDuquesne studies philosophical series no.26
650 _bPhilosophy, Japanese 79th century
650 _cPhilosophy, Japanese-20th century
942 _2lcc
_01
999 _c61612
_d61612